<?xml version="1.0" encoding="UTF-8"?>
<collection xmlns="http://www.loc.gov/MARC21/slim">
 <record>
  <leader>01573nam a2200229Ia 4500</leader>
  <controlfield tag="001">CTU_156241</controlfield>
  <controlfield tag="008">210402s9999    xx            000 0 und d</controlfield>
  <datafield tag="020" ind1=" " ind2=" ">
   <subfield code="c">18.96</subfield>
  </datafield>
  <datafield tag="082" ind1=" " ind2=" ">
   <subfield code="a">332.02401</subfield>
  </datafield>
  <datafield tag="082" ind1=" " ind2=" ">
   <subfield code="b">F499</subfield>
  </datafield>
  <datafield tag="100" ind1=" " ind2=" ">
   <subfield code="a">Finkel, David M.</subfield>
  </datafield>
  <datafield tag="245" ind1=" " ind2="4">
   <subfield code="a">The maui millionaires :</subfield>
  </datafield>
  <datafield tag="245" ind1=" " ind2="0">
   <subfield code="b">Discover the secrets behind the World's most exclusive wealth retreat and become financially free</subfield>
  </datafield>
  <datafield tag="245" ind1=" " ind2="0">
   <subfield code="c">David M. Finkel, Diane Kennedy</subfield>
  </datafield>
  <datafield tag="260" ind1=" " ind2=" ">
   <subfield code="a">Hoboken, N.J.</subfield>
  </datafield>
  <datafield tag="260" ind1=" " ind2=" ">
   <subfield code="b">Wiley</subfield>
  </datafield>
  <datafield tag="260" ind1=" " ind2=" ">
   <subfield code="c">2007</subfield>
  </datafield>
  <datafield tag="520" ind1=" " ind2=" ">
   <subfield code="a">The Maui Millionaires including instructions on how to build a group of mentors who will help make your dreams come true. Charitable giving and strategies for leaving a legacy round out the final chapters. While most of these ideas won't be new to self-help readers or Oprah fans, those who haven't considered the impact of negative childhood lessons about money or current limitations to dreaming bigger may find the book fairly insightful. For those who have encountered these ideas before but haven't implemented them, the exercises and suggestions provide a concrete call to action. Until readers have built enough wealth to attend the actual Maui Millionaire event (priced at </subfield>
   <subfield code="3">0,000), this book—and its frequently referenced online tools——provide a decent insight into millionaire thinking.</subfield>
  </datafield>
  <datafield tag="650" ind1=" " ind2=" ">
   <subfield code="a">Wealth,Millionaires,Giàu có,Nhà triệu phú</subfield>
  </datafield>
  <datafield tag="650" ind1=" " ind2=" ">
   <subfield code="z">United States,United States,Hoa Kỳ,Hoa Kỳ</subfield>
  </datafield>
  <datafield tag="904" ind1=" " ind2=" ">
   <subfield code="i">Trọng Hải,Qhieu đã sửa trong CSDL</subfield>
  </datafield>
  <datafield tag="980" ind1=" " ind2=" ">
   <subfield code="a">Trung tâm Học liệu Trường Đại học Cần Thơ</subfield>
  </datafield>
 </record>
</collection>
